Países que empiezan por R - Estadísticas

Estadísticas generales
  • Esta prueba ha sido intentada 335 veces
  • La puntuación promedio es 7 de 9
Estadísticas de respuestas
Respuesta % Correcto
Rusia
95%
Rumania
91%
Ruanda
87%
República Democrática del Congo
73%
República del Congo
72%
República Dominicana
68%
República Checa
66%
República Centroafricana
57%
Reino Unido
53%
No se encontraron pruebas coincidentes
Distribución de puntuación
Porcentaje de gente con cada puntuación
Porcentaje por número respondido
Historial de tus puntuaciones
No has intentado esta prueba.